La celestina
Tallennettuna:
| Päätekijä: | |
|---|---|
| Aineistotyyppi: | Kirja |
| Kieli: | espanja |
| Julkaistu: |
Santiago
Universitaria
1958
|
| Painos: | 1a. ed |
| Aiheet: | |
| Tagit: |
Lisää tagi
Ei tageja, Lisää ensimmäinen tagi!
|
MARC
| LEADER | 00000cam a2200000 a 4500 | ||
|---|---|---|---|
| 001 | UCD5076 | ||
| 003 | CL-VaPUC | ||
| 008 | 160807e19580000cl |||||||||||||||||spa|d | ||
| 082 | 0 | 4 | |a 862 |b ROJ |2 21 |
| 100 | 0 | |a Rojas, Fernando de |e author |9 326656 | |
| 245 | 1 | 3 | |a La celestina |
| 250 | |a 1a. ed | ||
| 300 | |a 79 p | ||
| 942 | |c BK | ||
| 945 | |d 20160807 22:49:00 |a dcastane | ||
| 260 | |a Santiago |b Universitaria |c 1958 | ||
| 650 | 0 | |a Drama español |9 265098 | |
| 650 | 0 | |a Teatro español |9 265077 | |
| 583 | |a last modification |c 20160807 22:49:00 |k Rodrigo Vera | ||
| 999 | |c 365843 |d 365841 | ||
| 952 | |0 0 |1 0 |3 erb |4 0 |6 862_000000000000000_ROJ_1958 |7 0 |8 A |9 479810 |a BIBEDU |b BIBEDU |i 5336511 |l 6 |o 862 ROJ 1958 |p 5336511 |r 2023-12-20 |s 2023-12-20 |w 2019-11-24 |y BK |z Catalogado en:20160807 |k EPE | ||